STN 92 0241/Z1 2012, Požiarna bezpečnosť stavieb. Obsadenie stavieb osobami. Zmena 1

Bibliographic Details
Format: Book
Language:Slovak
PhysicalDescription:2 s. 30 cm
Published: Bratislava Slovenský ústav technickej normalizácie 2012
Subjects:

MARC

LEADER 00000nam a2200000 a 4500
001 vtls010476642
003 SK-MaSNL
005 20260301174124.0
008 121205s xo f u 000 0 slo
015 |a SNBN2013 
020 |c (cen. skup. 1) 
040 |a SNK  |b slo  |c SNK  |e AACR2 
041 0 |a slo 
044 |a xo  |c SK 
046 |a s  |m 201212 (účin. ) 
072 7 |a 699.8  |x Ochrana budov  |2 konspekt 
080 |a 699.81  |2 2001 
080 |a 006.7/.8  |2 2001 
080 |a (437.6)  |2 2001 
080 |a (4)  |2 2001 
084 |a 13.220.50  |2 ICS 
084 |a 91.120.01  |2 ICS 
245 0 0 |a STN 92 0241/Z1 2012, Požiarna bezpečnosť stavieb. Obsadenie stavieb osobami. Zmena 1 
246 1 0 |a Požiarna bezpečnosť stavieb 
246 1 0 |a Obsadenie stavieb osobami 
260 |a Bratislava  |b Slovenský ústav technickej normalizácie  |c 2012 
300 |a 2 s.  |c 30 cm 
500 |a Súbežný názov v angličtine, francúzštine, nemčine 
500 |a Spracovateľ SÚTN Bratislava 
540 |a STN vydané na akomkoľvek nosiči sa môžu rozmnožovať a rozširovať iba so súhlasom určenej právnickej osoby  |b SÚTN Bratislava  |c zákon 264/1999 Z. z. 
650 0 7 |a ochrana budov  |2 SNKPH  |9 4160 
650 0 7 |a technické normy a štandardy  |z Slovensko  |2 SNKPH  |9 79594 
650 0 7 |a technické normy a štandardy  |z krajiny Európskej únie  |2 SNKPH  |9 289341 
650 0 7 |a požiarna bezpečnosť  |2 SNKPH  |9 1503 
650 0 7 |a Fireproof building  |2 SNKPHeng  |9 314726 
655 7 |a normy  |2 SNKPH  |9 70643 
710 2 |a Slovenský ústav technickej normalizácie  |4 stn  |9 32706 
852 |a Štátna vedecká knižnica v Banskej Bystrici 
999 |c 838739  |d 840669 
952 |a SNK  |b SNK  |y PREZ  |7 0  |p 17A1064311  |o snkSTN 92 0241/Z1  |i snk2013/5129  |8 0  |0 0  |1 0  |4 0  |d 2013-03-06  |l 0  |r 2026-02-24 04:02:11  |w 2026-02-24 
952 |a SNK  |b SNK  |y PREZ  |7 0  |p 17A1064259  |o snkSTN 92 0241/Z1 D1  |i snk2013/5130  |8 0  |0 0  |1 0  |4 0  |d 2013-03-06  |l 0  |r 2026-02-24 04:02:11  |w 2026-02-24